LEADER 01945nam0 22004213i 450 001 REA0035573 005 20251003044333.0 010 $a8807101947 100 $a19960216d1996 ||||0itac50 ba 101 | $aita 102 $ait 181 1$6z01$ai $bxxxe 182 1$6z01$an 183 1$6z01$anc$2RDAcarrier 200 1 $aIntroduzione alla filosofia politica contemporanea$fWill Kymlicka$gtraduzione di Rodolfo Rini 210 $aMilano$cFeltrinelli$d1996 215 $a347 p.$d22 cm. 225 | $aCampi del sapere 410 0$1001CFI0001750$12001 $aCampi del sapere 500 10$aContemporary political philosophy.$3REA0035574$9MILV040438$914925 606 $aFilosofia politica$xSec. 20.$2FIR$3CFIC045340$9E 676 $a172$9ETICA POLITICA$v19 676 $a190$9FILOSOFIA OCCIDENTALE MODERNA E ALTRA FILOSOFIA NON ORIENTALE$v21 676 $a320$9SCIENZA POLITICA (POLITICA E GOVERNO)$v21 676 $a320.01$9SCIENZA POLITICA (POLITICA E GOVERNO). Filosofia e teoria$v14 676 $a320.01$9SCIENZA POLITICA. Filosofia e teoria$v20 676 $a320.01$9SCIENZA POLITICA. FILOSOFIA E TEORIA$v21 700 1$aKymlicka$b, Will$3MILV040438$4070$0144469 702 1$aRini$b, Rodolfo$3BVEV012973 801 3$aIT$bIT-000000$c19960216 850 $aIT-BN0095 $aIT-NA0079 901 $bNAP BN$cMAGAZZINO $nmagazzini correnti divisi per anni 901 $bNAP 01$cPOZZO LIB.$nVi sono collocati fondi di economia, periodici di ingegneria e scienze, periodici di economia e statistica e altri fondi comprendenti documenti di economia pervenuti in dono. 912 $aREA0035573 950 0$aBiblioteca Centralizzata di Ateneo$c1 v.$d 01POZZO LIB.ECON MON 9710$e 0101 0000115995E VMA 1 v. (precedente collocazione: GUERRAZZI B 1932)$fB $h20091230$i20091230 977 $a 01$a BN 996 $aContemporary political philosophy$914925 997 $aUNISANNIO